Programming language: (Record no. 187953)
[ view plain ]
| 000 -LEADER | |
|---|---|
| fixed length control field | 00613nam a2200205Ia 4500 |
| 005 - DATE AND TIME OF LATEST TRANSACTION | |
| control field | 20221206113736.0 |
| 008 - FIXED-LENGTH DATA ELEMENTS--GENERAL INFORMATION | |
| fixed length control field | 210716s2007 xx 000 0 und d |
| 020 ## - INTERNATIONAL STANDARD BOOK NUMBER | |
| International Standard Book Number | 8177584227 |
| 040 ## - CATALOGING SOURCE | |
| Transcribing agency | AIMIT LIBRARY |
| 041 ## - LANGUAGE CODE | |
| Language code of text/sound track or separate title | eng |
| 082 ## - DEWEY DECIMAL CLASSIFICATION NUMBER | |
| Classification number | 005.13 SETR |
| 100 ## - MAIN ENTRY--PERSONAL NAME | |
| Personal name | Sethi, Ravi. |
| 9 (RLIN) | 64782 |
| 245 ## - TITLE STATEMENT | |
| Title | Programming language: |
| Remainder of title | concepts and constructs / |
| Statement of responsibility, etc. | By Ravi Sethi. |
| 250 ## - EDITION STATEMENT | |
| Edition statement | 2nd ed. |
| 260 ## - PUBLICATION, DISTRIBUTION, ETC. | |
| Place of publication, distribution, etc. | New Delhi : |
| Name of publisher, distributor, etc. | Pearson Education , |
| Date of publication, distribution, etc. | 2007. |
| 300 ## - PHYSICAL DESCRIPTION | |
| Extent | xiv,481p. ; |
| Other physical details | PB |
| Dimensions | 24 cm |
| 650 ## - SUBJECT ADDED ENTRY--TOPICAL TERM | |
| Topical term or geographic name entry element | Programming Languages. |
| 9 (RLIN) | 64783 |
| 700 ## - ADDED ENTRY--PERSONAL NAME | |
| Personal name | Viswanatha, K V. |
| 9 (RLIN) | 64793 |
| 942 ## - ADDED ENTRY ELEMENTS (KOHA) | |
| Source of classification or shelving scheme | Dewey Decimal Classification |
| Koha item type | Book |
| Edition | 2nd ed. |
| Call number prefix | 005.13 SETR |
| Withdrawn status | Lost status | Source of classification or shelving scheme | Damaged status | Not for loan | Collection code | Home library | Current library | Date acquired | Source of acquisition | Inventory number | Total Checkouts | Full call number | Barcode | Date last seen | Price effective from | Koha item type |
|---|---|---|---|---|---|---|---|---|---|---|---|---|---|---|---|---|
| Dewey Decimal Classification | MCA | St Aloysius Institute of Management & Information Technology | St Aloysius Institute of Management & Information Technology | 12/06/2022 | Infosys Technologies Ltd | Bill no:38427; Bill dt:2007-04-1 | 005.13 SETR | MCA07461 | 07/21/2025 | 07/16/2021 | Book | |||||
| Dewey Decimal Classification | MCA | St Aloysius Institute of Management & Information Technology | St Aloysius Institute of Management & Information Technology | 12/06/2022 | Infosys Technologies Ltd | Bill no:38427; Bill dt:2007-04-1 | 005.13 SETR | MCA07462 | 07/21/2025 | 07/16/2021 | Book | |||||
| Dewey Decimal Classification | MCA | St Aloysius Institute of Management & Information Technology | St Aloysius Institute of Management & Information Technology | 12/06/2022 | Infosys Technologies Ltd | Bill no:38427; Bill dt:2007-04-1 | 005.13 SETR | MCA07463 | 07/21/2025 | 07/16/2021 | Book | |||||
| Dewey Decimal Classification | MCA | St Aloysius Institute of Management & Information Technology | St Aloysius Institute of Management & Information Technology | 12/06/2022 | Infosys Technologies Ltd | Bill no:38427; Bill dt:2007-04-1 | 005.13 SETR | MCA07464 | 07/21/2025 | 07/16/2021 | Book |